000 00896pam a2200277 a 4500
001 1493810
003 OSt
005 20211001134741.0
008 880817s1989 nyua 001 0 eng
010 _a 88028134
020 _a0070547866 :
_c$39.95
040 _aDLC
_cHU
_dDLC
050 0 0 _aHB171.5
_b.S25 1989
082 0 0 _a330
_219
100 1 _aSamuelson, Paul A.
_q(Paul Anthony),
_d1915-2009.
_99093
245 1 0 _aEconomics /
_cPaul A. Samuelson, William D. Nordhaus.
250 _a13th ed.
260 _aNew York :
_bMcGraw-Hill,
_cc1989.
300 _axl, 1013 p. :
_bill. (some col.) ;
_c25 cm.
500 _aIncludes index.
650 0 _aEconomics.
_96695
700 1 _aNordhaus, William D.
_99094
906 _a7
_bcbc
_corignew
_d1
_eocip
_f19
_gy-gencatlg
942 _2ddc
_cBOOKS
_n0
999 _c8455
_d8455